Loading...
| Beliefs - Mythology | 0 | 3 | 1 | 0 | 25 | 94 | 113.00 | 0 | 3 |
| History - Other History | 1 | 1 | 0 | 0 | 25 | 38 | 52.00 | 2 | 2 |
| Arts - Music | 0 | 2 | 0 | 0 | 20 | 133 | 137.00 | 0 | 2 |
| Arts - Painting | 0 | 2 | 1 | 1 | 15 | 126 | 141.00 | 1 | 2 |
| Thought - Social Science | 1 | 0 | 0 | 0 | 15 | 49 | 49.00 | 1 | 1 |
| Other - Geo/CE | 1 | 0 | 1 | 0 | 10 | 18 | 18.00 | 1 | 1 |
| History - Euro History | 0 | 1 | 1 | 1 | 5 | 114 | 114.00 | 0 | 1 |
| Beliefs - Religion | 0 | 1 | 2 | 0 | 0 | 105 | 105.00 | 1 | 1 |
| Other - Other Academic | 0 | 0 | 1 | 0 | -5 | 0.00 | 0 | 0 | |
| Other - Pop Culture | 0 | 0 | 1 | 0 | -5 | 0.00 | 0 | 0 | |
| History - World History | 0 | 0 | 3 | 0 | -15 | 0.00 | 0 | 0 |